Versos buenos y malos (Record no. 148662)

MARC details
000 -LEADER
campo de control de longitud fija 00425nam a2200145 4500
001 - NÚMERO DE CONTROL
campo de control 148662
003 - IDENTIFICADOR DE NÚMERO DE CONTROL
campo de control ES-MaACL
005 - FECHA Y HORA DE LA ÚLTIMA TRANSACCIÓN
campo de control 20230906202743.0
007 - CAMPO FIJO DE DESCRIPCIÓN FÍSICA--INFORMACIÓN GENERAL
campo de control de longitud fija t|
008 - DATOS DE LONGITUD FIJA--INFORMACIÓN GENERAL
campo de control de longitud fija 070214s1960 sp r ||||1| spa d
100 1# - ENTRADA PRINCIPAL--NOMBRE DE PERSONA
Nombre de persona Stuñiga, Fernando de.
9 (RLIN) 108505
245 10 - MENCIÓN DEL TÍTULO
Título Versos buenos y malos
Resto del título : poesías /
Mención de responsabilidad, etc. Fernando de Stuñiga.
260 ## - PUBLICACIÓN, DISTRIBUCIÓN, ETC.
Lugar de publicación, distribución, etc. Barcelona :
Nombre del editor, distribuidor, etc. [s. n.],
Fecha de publicación, distribución, etc. 1960 (
Fabricante Imp. Núñez)
852 ## - LOCALIZACIÓN
Ubicación ES-MaACL
Número de control de estantería C-19679
Sublocalización o colección R.47121
Holdings
Estatus retirado Estado de pérdida Estado de daño No para préstamo Biblioteca de origen Biblioteca actual Ubicación en estantería Fecha de adquisición Fuente de adquisición Total de préstamos Signatura topográfica completa Código de barras Visto por última vez Precio de reemplazo Tipo de ítem Koha
        Biblioteca del Ateneo de Madrid Biblioteca del Ateneo de Madrid Galería 17/01/2008     C-19679 1155141 23/02/2023 23/02/2023 Libro impreso